| 000 | 00826cam a2200253 a 4500 | ||
|---|---|---|---|
| 001 | 16338734 | ||
| 005 | 20180119042730.0 | ||
| 008 | 100719s2012 maua 000 0 eng | ||
| 010 | _a 2010027994 | ||
| 020 | _a9780321726384 (student edd. : alk. paper) | ||
| 020 | _a0321726383 (student ed. : alk. paper) | ||
| 020 | _a9780321731920 (annotated instructor's ed. : alk. paper) | ||
| 020 | _a0321731921 (annotated instructor's ed. : alk. paper) | ||
| 040 |
_aDLC _cDLC |
||
| 041 | _aeng | ||
| 080 | _a512.9 ela | ||
| 082 | 0 | 0 |
_a512.9 ela _222 |
| 100 | 1 | _a37 | |
| 101 | _amat | ||
| 245 | 1 | 0 |
_aIntroductory algebra / _cby Elayn Martin-Gay. |
| 906 |
_a7 _bcbc _corignew _d1 _eecip _f20 _gy-gencatlg |
||
| 942 |
_2ddc _cBK |
||
| 999 |
_c40544 _d40544 |
||